000 00795nam a22002177a 4500
003 BUBTL
008 240313b ||||| |||| 00| 0 eng d
020 _a9789388028936
082 _a344.01/ P133l/ 2023
100 _95738
_aPadhi, P. K.
245 _aLabour and Industrial Laws /
_cPadhi, P. K.
250 _a4th ed.
260 _aDelhi :
_bPHI Learning Private Limited,
_cc2023
300 _axlvii, 930 p. :
_c24 cm.
500 _aIncludes Index
505 _aThe Industrial Disputes Act, 1947, The Contract Labour (Regulation and Abolition) Act, 1970, The Payment of Bonus Act, 1965, The Industrial Employment (Standing Orders) Act, 1946, The Apprentices Act, 1961
650 0 _926
_aLaw
856 _k0
_l0
_yDownload
942 _2ddc
_cBK
999 _c7262
_d7262